Ο άνθρωπος που έκλεψε την Τζοκόντα

Saved in:
Bibliographic Details
Main Author: Page, Martin, 1938-2003
Other Authors: Ισμυρίδου, Παλμύρα, 1958- (trlf)
Format: Book
Language:Greek
English
Published: Αθήνα : 'Αγρα, 1990.
Series:Αστυνομική λογοτεχνία (Άγρα)
Subjects:
Tags: Add Tag
No Tags, Be the first to tag this record!

MARC

LEADER 00000cam a2200000 i 4500
001 1/50646
008 140703s1988 gr | ||| |||| ||gre||
035 |l 10118196 
040 |a GR-MyUA  |b gre  |e AACR2 
041 1 |a gre  |h eng 
082 0 |a 823  |2 (23) 
100 1 |a Page, Martin,   |d 1938-2003. 
245 1 2 |a Ο άνθρωπος που έκλεψε την Τζοκόντα /   |c Martin Page ; μετάφραση: Παλμύρα Ισμυρίδου.  
260 |a Αθήνα :   |b 'Αγρα,   |c 1990.  
300 |a 314 σ. ;   |c 17 εκ.  
490 1 |a (Σειρά αστυνομικής λογοτεχνίας (Άγρα))  
500 |a Τίτλος πρωτοτύπου: The man who stole the Mona Lisa.  
650 0 0 |a Detective and mystery stories, English. 
650 0 0 |a English fiction. 
700 1 |a Ισμυρίδου, Παλμύρα,   |d 1958-  |e trlf 
830 0 |a Αστυνομική λογοτεχνία (Άγρα) 
852 |a INST  |b LEMNOS  |e 20140703  |h 823 PAG  |p 005600001186  |q 005600001186  |t BK  |y 0 
901 |a BIBL6-2014-2 
909 |a Μ  |b 161411 
922 |a 6ΕΛΗ 
970 |a ΜΟΣΧΟΒΗ  |b ΕΥΑΓΓΕΛΙΑ  |z 2014/07/03